000 00880nam a22003017a 4500
003 CHAP
005 20220329135047.0
008 971013s1983 r 00010 d
010 _a30287
011 _a31259
035 _a35371
040 _cCHAP
090 _aFolleto 9472
110 _aManaging Energy and Resource Efficient Cities. Knoxville
_970268
245 _aAnnual report, 1983-19
260 _aKnoxville :
_bMEREC,
_c1983-19
300 _av
500 _aLa biblioteca tiene: 1984
590 _aBATCH-UPD
_b10
_c20130110
_lUCH01
_h1540
590 _aBATCH-UPD
_b10
_c20130410
_lUCH01
_h0942
590 _aBATCH-UPD
_b10
_c20130914
_lUCH01
_h1307
590 _aCONVERSION
_b10
_c20130109
_lUCH01
_h1317
650 1 4 _aEnergĂ­a.
_936881
650 1 4 _aUrbanismo.
_9116824
901 _aBK
942 _cFOLL
949 _aFolleto 9472
_bBC
_cFOLL
_d-81767
_eTS1
_i35371
_mD
_si
999 _c30287
_d30287